000 006910000a22002050004500
999 _c54043
_d54043
001 768714001
003 CO-MdFUSB
005 20170810154005.0
008 170810s1999 xxu||||| |||| 00| 0 eng d
022 _a0098-9444
040 _aCO-MdFUSB
_bspa
_cCO-MdFUSB
_dCO-MdFUSB
041 _aeng
100 1 _aBen Tor, Amnon
_eautor
245 1 0 _aExcavation Hazor (Part two) :
_bdid the israelites destroy the canaanite cite?
300 _aVolumen 25. Número 3 (1999), Páginas 22-39
_c28 cm.
546 _aTexto en inglés
700 1 _aRubiato, María Teresa
773 0 _tBiblical Archaeology Review
_049395
_959479
_gVolumen 25. Número 3 (1999), Páginas 22-39
_qPágina 22
942 _cANA